Normal view
MARC view
- GRITTY P.T
Entry Personal Name
001 - CONTROL NUMBER
- control field: 3827
003 - CONTROL NUMBER IDENTIFIER
- control field: OSt
005 - DATE AND TIME OF LATEST TRANSACTION
- control field: 20181031112339.0
008 - FIXED-LENGTH DATA ELEMENTS
- fixed length control field: 181031|| aca||aabn | a|a d
040 ## - CATALOGING SOURCE
- Original cataloging agency: OSt
- Transcribing agency: OSt
100 ## - HEADING--PERSONAL NAME
- Personal name: GRITTY P.T
670 ## - SOURCE DATA FOUND
- Source citation: Work cat.: (OSt)14962: GRITTY P.T HABEEB RAHMAN P NEETHU JOSE SREEKANTH M, Studies on zero till seed drill and raised bed planter for summer crops in Kerala
